1509 1292 1418 1674 1595 1340 1088 1179 1135 1155 1307 1710 1707 1754 1894 1579 1823 1517 1187 1521 1849 1255 1984 1850 1953 1792 1623 1478 1276 1467 1833 1573 1918 1896 1281 1887 1277 1068 1577 1379 1924 1791 1672 1876 1500 1118 1390 1988 1783 1411 1299 1194 1440 1837 1180 1548 1387 1651 1607 1006 1870 1438 1817 1567 1308 1663 1276 1184 1120 1735 1238 1405 1621 1683 1582 1334 1815 1712 1198 1230 1257 1115 1751 1250 1322 1172 1266 1184 1633 1114 1557 1667 1222 1003 1657 1928 1127 1447 1342 BCNSPRNW ULIB Ver.6.0+V

เปลี่ยนเป็นภาษาไทย

Change to English
 แสดงรายละเอียดบรรณานุกรม
  กลับหน้าหลัก

Brief Record : Get Marc (ISO 2709) : E-mail record : QR code < ปิดหน้าต่าง
LEADER : 00000nam 2200000uu 4500
001    13399121713
003     ULIB
008    121130s||||||||th 000 0 tha d
020    ^a9749751027
060 04 ^aWD300^bล145ภ 2549
100 0  ^aลลิตา ธีระสิริ
245 10 ^aภูมิแพ้ในเด็กรักษาเองได้ /^cลลิตา ธีระสิริ ; บรรณาธิการ,ธนาภร โรจนทัพพะ
250    ^aพิมพ์ครั้งที่ 1
260    ^aกรุงเทพฯ :^bรวมทรรศน์,^c2549
300    ^a136 หน้า :^bภาพประกอบ ;^c21 ซม. +^eซีดีรอม 1 แผ่น
440  0 ^aชุดธรรมชาติบำบัดและรักษาตนเอง
650  7 ^aภูมิแพ้^xในวัยทารกและวัยเด็ก
650  7 ^aเด็ก^xโรค
700 0  ^aธนาภร โรจนทัพพะ,^eบรรณาธิการ
945    ^p164^l0^i14148
995    ^aกัณชพร
999 ^a ใช้งานได้ทุกระบบ
รายการนี้ยังไม่มีแท็ก
คุณยังไม่ได้ล็อกอิน คุณสามารถมีกิจกรรมร่วมกับเว็บไซต์ได้ แต่ต้องล็อกอินก่อน ::
  ล็อกอิน

รายการสื่อสารสนเทศ

ลำดับที่ ประเภท เลขเรียก/บาร์โค้ด สถานที่ สถานะ
1. วิทยาศาสตร์การแพทย์ และสุขภาพ
วิทยาศาสตร์การแพทย์ และสุขภาพ
WD300 ล145ภ 2549  
  Barcode: 14148
ห้องสมุดวิทยาเขตสวรรค์ประชารักษ์
►หนังสือทั่วไป
บนชั้น

รายการใกล้เคียง
    ผู้แต่ง [ลลิตา ธีระสิริ]

BibComment


ยังไม่เคยถูกคอมเมนท์

คอมเมนท์ทรัพยากรรายการนี้
  คอมเมนท์: ภูมิแพ้ในเด็กรัก..


 Copyright 2026. Bcnsprnw @Library